|
|
|
|
| LEADER |
02679nam a22005055i 4500 |
| 001 |
978-0-387-23761-9 |
| 003 |
DE-He213 |
| 005 |
20151204181803.0 |
| 007 |
cr nn 008mamaa |
| 008 |
100301s2005 xxu| s |||| 0|eng d |
| 020 |
|
|
|a 9780387237619
|9 978-0-387-23761-9
|
| 024 |
7 |
|
|a 10.1007/b102371
|2 doi
|
| 040 |
|
|
|d GrThAP
|
| 050 |
|
4 |
|a RC254-282
|
| 072 |
|
7 |
|a MJCL
|2 bicssc
|
| 072 |
|
7 |
|a MED062000
|2 bisacsh
|
| 082 |
0 |
4 |
|a 616.994
|2 23
|
| 245 |
1 |
0 |
|a Hormonal Carcinogenesis IV
|h [electronic resource] /
|c edited by Jonathan J. Li, Sara A. Li, Antonio Llombart-Bosch.
|
| 264 |
|
1 |
|a Boston, MA :
|b Springer US,
|c 2005.
|
| 300 |
|
|
|a XXVI, 546 p.
|b online resource.
|
| 336 |
|
|
|a text
|b txt
|2 rdacontent
|
| 337 |
|
|
|a computer
|b c
|2 rdamedia
|
| 338 |
|
|
|a online resource
|b cr
|2 rdacarrier
|
| 347 |
|
|
|a text file
|b PDF
|2 rda
|
| 505 |
0 |
|
|a State of the Art Lectures -- Breast Cancer I: Progesterone Action -- Breast Cancer II: Mechanisms of Genomic Instability -- Early In-Situ Lesions: Breast and Prostate -- Promotion/Prevention of Hormone Cancers -- Prostate I: Androgen/Estrogen Action -- Prostate II: Androgen Receptor Dependence/Resistance -- Endometrium/Ovarian/Colon -- Communications -- Epidemiology/Human Derived Studies -- Breast Cancer -- Endometrial/Cervical Cancer -- Prostate Cancer -- Hormone Metabolism & Cell/Molecular Biology -- Breast Cancer -- Endometrial Cancer -- Ovary/Pituitary/Kidney/Liver Cancers -- Prostate Cancer.
|
| 520 |
|
|
|a Uniquely, Hormonal Carcinogenesis IV, integrates salient aspects of hormone-related cancers of interest to epidemiologists, basic researchers, and clinicians. The most recent advances in the major hormone-related cancers are presented by leaders of their specialty. The chapters in this volume deal with the causation, dependence, and resistance of endocrine-related cancers with particular emphasis on the most common neoplasms occuring in men and woman world wide, such as breast, prostate, uterine, and ovarian cancers.
|
| 650 |
|
0 |
|a Medicine.
|
| 650 |
|
0 |
|a Cancer research.
|
| 650 |
|
0 |
|a Medical microbiology.
|
| 650 |
|
0 |
|a Oncology.
|
| 650 |
|
0 |
|a Cell biology.
|
| 650 |
1 |
4 |
|a Medicine & Public Health.
|
| 650 |
2 |
4 |
|a Oncology.
|
| 650 |
2 |
4 |
|a Cancer Research.
|
| 650 |
2 |
4 |
|a Medical Microbiology.
|
| 650 |
2 |
4 |
|a Cell Biology.
|
| 700 |
1 |
|
|a Li, Jonathan J.
|e editor.
|
| 700 |
1 |
|
|a Li, Sara A.
|e editor.
|
| 700 |
1 |
|
|a Llombart-Bosch, Antonio.
|e editor.
|
| 710 |
2 |
|
|a SpringerLink (Online service)
|
| 773 |
0 |
|
|t Springer eBooks
|
| 776 |
0 |
8 |
|i Printed edition:
|z 9780387237831
|
| 856 |
4 |
0 |
|u http://dx.doi.org/10.1007/b102371
|z Full Text via HEAL-Link
|
| 912 |
|
|
|a ZDB-2-SME
|
| 950 |
|
|
|a Medicine (Springer-11650)
|